000
00442nam a2200181Ia 4500
008
090124s9999 xx 000 0 und d
082
_b
24145
_a
2501
100
_a
ढसाळ नामदेव
245
_a
खेळ
250
_a
1
260
_c
1983
300
_a
70
600
_a
ढसाळ नामदेव
630
_a
खेळ
700
_a
ढसाळ नामदेव
730
_a
खेळ
942
_c
BOOK
999
_c
137716
_d
137716